BRICS Cities - Sudden Death - Statistics

General Stats
  • This quiz has been taken 94 times
  • The average score is 12 of 50
Answers on the Grid
Answers color-coded by a green-red scale on the quiz's grid according to % correct below.
Bangkok
São Paulo
Lahore
Isfahan
Kuala Lumpur
Mumbai
Jeddah
Abu Dhabi
Nairobi
Chișinău
Shanghai
Mostar
Hyderabad
Mecca
Durban
Surabaya
Baghdad
Mekelle
Rio de Janeiro
Pune
Faisalabad
Grodno
Caracas
Moscow
Buenos Aires
Cairo
Vitebsk
Havana
Beijing
Cape Town
Karbala
Medina
Manaus
Voronezh
Phnom Penh
Islamabad
Hawassa
Sarajevo
Gondar
Sharjah
Bandung
Tirana
Ahmedabad
Marrakech
Doha
Fortaleza
Alexandria
Hanoi
Mosul
Damascus
Tehran
Asmara
Herat
Bloemfontein
Muscat
Tianjin
Casablanca
Palembang
Hurghada
Peshawar
Dire Dawa
Mombasa
Rabat
Brasília
Kabul
Meknes
Varna
Port Said
Dubai
Aleppo
Belgrade
Chengdu
Jerusalem
Vladivostok
Kandahar
Rasht
Tangier
Harbin
Johannesburg
Khartoum
Shiraz
Latakia
Al Ain
Beirut
Minsk
Sochi
Ahvaz
Makassar
Luxor
Tartus
Karachi
Ajman
Pretoria
Homs
Omsk
Mogadishu
Addis Ababa
Jakarta
Riyadh
Chennai
 
Answer Stats
Answer % Correct
São Paulo
90%
Rio de Janeiro
56%
Moscow
54%
Mumbai
52%
Shanghai
50%
Hyderabad
48%
Beijing
44%
Cape Town
44%
Durban
38%
Ahmedabad
37%
Brasília
37%
Johannesburg
35%
Chennai
33%
Pretoria
33%
Tianjin
33%
Vladivostok
33%
Chengdu
31%
Bloemfontein
29%
Sochi
29%
Pune
27%
Manaus
25%
Omsk
25%
Abu Dhabi
23%
Fortaleza
23%
Jakarta
17%
Tehran
17%
Dubai
15%
Harbin
15%
Isfahan
15%
Voronezh
15%
Alexandria
13%
Bandung
12%
Cairo
12%
Surabaya
12%
Addis Ababa
10%
Dire Dawa
8%
Gondar
8%
Luxor
8%
Palembang
8%
Sharjah
8%
Shiraz
8%
Makassar
6%
Port Said
6%
Ahvaz
4%
Hurghada
4%
Mekelle
4%
Rasht
4%
Ajman
2%
Al Ain
2%
Hawassa
2%
No matching quizzes found
Score Distribution
Percent of People with Each Score
Percentile by Number Answered
Your Score History
You have not taken this quiz